00966 2200325 4500001002100000005001500021035002000036007000300056040001600059100003300075245008900108300003400197020002200231041000800253082000800261084001400269090002400283264003100307336002100338337003000359338002300389650001800412850001000430008004100440504002900481250001300510500005400523700004500577990001800622INLIS00000000000465220260524080746 a0010-0122000284ta aSPBUPDbind0 aArvan PradiansyahePengarang1 aThe Seven Laws of Happiness :bTujuh Rahasia Hidup yang Bahagia /cArvan Pradiansyah a428 hal. :billus. ;c23,5 cm a978-979-1284-20-2 aind a158 a158 ARV t a204 IBR a 1 22 R 11 a.--bandung :bKaifa,c2009 2rdacontentaTeks 2rdamediaaTanpa Perantara 2rdacarrieravolume 4ahidup bahagia aPUPAD260524 0  abibliografi, hlm 409-413 a.-cet. 4 aindeks, hlm 415-419; tentang penulis, hlm 421-423 apenyunting, Budhyastuti R. H.ePengarang a11996/BR/KAPD